[Event "London Classic 7th"]
[Site "London"]
[Date "2015.12.04"]
[Round "1"]
[White "Topalov, Veselin"]
[Black "Giri, Anish"]
[Result "0-1"]
[WhiteElo "2803"]
[BlackElo "2778"]
[Annotator "Sagar Shah"]
[PlyCount "80"]
[EventDate "2015.12.04"]
[EventType "tourn"]
[EventRounds "9"]
[EventCountry "ENG"]
[EventCategory "22"]
[SourceTitle "CBM 170"]
[Source "ChessBase"]
[SourceDate "2016.01.15"]
[SourceVersion "1"]
[SourceVersionDate "2016.01.15"]
[SourceQuality "1"]

1. d4 Nf6 2. c4 g6 3. g3 c6 4. Bg2 d5 5. Qa4 $5 {The move Bb3 has become quite
popular in this c6-d5 line, but Qa4 has yet to be completely explored. Giri
sank into thought after this move. Presumably he was trying to recollect his
analysis.} Nfd7 (5... Bg7 {is the other main move here.}) 6. cxd5 Nb6 7. Qd1 (
7. Qb3 {is also possible but the queen retreat to d1 is much more popular.})
7... cxd5 8. Nc3 Nc6 9. e3 Bg7 {Saduakassova-Lei reached this position in
August 2015. One cannot be sure whether Topalov had seen this game before or
not, but he was playing fast and seemed to have come well prepared.} 10. Nge2
O-O 11. O-O Re8 (11... e5 12. dxe5 Nxe5 13. h3 $1 $14 {The wise thing would be
not to take the pawn on d5.} (13. Nxd5 $6 Nxd5 14. Qxd5 (14. Bxd5 $2 Bg4 $1 $17
{[%cal Gg4e2,Gd8d5,Ge5f3]}) 14... Qxd5 15. Bxd5 Rd8 $44)) 12. b3 {Sooner or
later White had to make some move which would allow e5.} (12. h3 e5 $1 13. dxe5
Bxe5 {and the d5-pawn cannot be taken as h3 would be left hanging.}) 12... e5
13. dxe5 Nxe5 14. h3 (14. Bb2 Bg4 15. h3 Bf3 {is something that Topalov wanted
to avoid.}) (14. Nd4 {In order to stop the Bf5-d3 idea was a possibility and
after} Bg4 15. Qd2 Nc6 16. Ba3 Nxd4 17. exd4 {Black's main problem is the
knight on b6. It is misplaced. The position is slightly more pleasant for
White.} Qf6 18. Bc5 Bf3 19. Bxf3 Qxf3 20. Rae1 Rxe1 21. Rxe1 Nd7 22. Be7 $14)
14... Bf5 15. Nd4 Bd3 16. Re1 Ba6 17. Qd2 {White has to make these slightly
uncomfortable moves due to the threat of the knight coming to d3. But it's
fine because the position is static in nature.} Nd3 18. Rd1 {The knight on d3
is well placed but may soon get caught. Hence, Anish decides to up the ante.}
Bxd4 (18... Nxc1 19. Raxc1 $16 {is just a huge advantage.}) 19. exd4 Qf6 20. a4
$5 {Highly creative play from the Bulgarian. Topalov sacrifices the d4-pawn in
order to activate his rook in a very original fashion.} (20. Bb2 {looked
normal as now the d4-pawn is taboo.} Rac8 {Black has no problems.} (20... Qxd4
21. Bf1 $1 $18)) 20... Qxd4 21. a5 Nd7 22. Ra4 $1 {No one would have ever
thought that the a1 rook could have been useful for a kingside attack. But
Giri had given up his dark-squared bishop, and his king looks a little weak,
hence this is an extremely logical consequence. But to find this idea of a4-a5
Ra4 you need to be somewhere around 2800!} Qe5 23. Nxd5 {White seems to have
the initiative as all his pieces are in play now. The threat is to play Re4
followed by Ne7+.} Nxc1 (23... N7c5 {was a natural move, but Giri had missed
the brilliant resource of 25.Qg5!} 24. Rh4 $1 $44 {[%cal Gd2h6]} Nxc1 (24...
Nxb3 $2 {The most natural move now loses in brilliant fashion.} 25. Qg5 $1 {
Who would think of this move when Qh6 is also possible.} (25. Qh6 Nbxc1 26.
Qxh7+ Kf8 {Black is completely safe.}) 25... Nbxc1 (25... Qxg5 26. Bxg5 {
Threatening Nf6+.} h5 27. Nc7 $18 {Everything is hanging!}) 26. Nf6+ Kf8 27.
Nd7+ $18) 25. Qxc1 {with unclear play.} Nxb3 $2 26. Qa3 $1 {A pretty unusual
knight trap!} Be2 27. Re1 Nd4 28. Qa4 Ne6 (28... Nc6 29. Re4 $18) 29. Rxe2 Qxe2
30. Nf6+ Kf8 31. Qa3+ Kg7 32. Qa1 $18 {Agreed that all this is not easy to see,
yet it is completely winning.}) 24. Rxc1 $16 {White is clearly better.} Nf6 25.
Nc7 (25. Nxf6+ Qxf6 26. Rf4 $16 {is also a very solid edge for White mainly
because the black king is weak and the bishop on a6 is firing blanks.}) 25...
Rad8 26. Qf4 g5 (26... Re7 27. Qxe5 Rxe5 28. Nxa6 bxa6 29. Rc6 Kg7 30. Rxa6
Re1+ 31. Kh2 Rd2 32. Rf4 $16 {and now we see why the pawn on g5 is important.
It prevents Rf4.}) 27. Qb4 (27. Qxe5 {was the much more pragmatic approach.}
Rxe5 28. Nxa6 bxa6 $14 {Only one person can be better here and you don't need
to be a GM to know who!}) 27... Qb2 28. Raa1 Re2 29. Qc5 {[%cal Gc5g5,Gc5f2]} (
29. Nxa6 Rxf2 30. Bxb7 Rdd2 $19) 29... h6 30. Nxa6 bxa6 31. Rab1 (31. Qxa7 {
Winning material is often the best way to solidify your edge.} Rdd2 32. Rc8+
Kg7 33. Rf1 $16) 31... Qd2 32. Bf3 (32. b4 {was better.}) 32... Ne4 $5 33. Qxa7
$2 (33. Bxe4 Rxe4 34. Rd1 Qxd1+ 35. Rxd1 Rxd1+ 36. Kg2 {This will most
probably end in a draw but White is definitely not under any pressure here.})
33... Nxf2 $1 {Giri said after the game that this reminded him of his
childhood. He would be playing players rated above him and would get
completely positionally outplayed but still win in the end thanks to his
tactical awareness. Somehow this is very similar. White's position quickly
disintegrates now.} 34. Bxe2 Nxh3+ 35. Kf1 (35. Kg2 Qxe2+ 36. Kxh3 Rd2 $1 37.
Rc8+ Kg7 $19 {There is just no way to prevent mate.}) 35... Qd5 $1 {Very
accurate play and nicely spotted by Giri in spite of not having much time.
Black is a rook down but he is winning thanks to his excellent co-ordination.}
36. Bh5 (36. Ke1 {would have put up the maximum resistance.} Qh1+ 37. Bf1 Qf3
$3 {A move that is easy to understand when you see it, but very difficult to
find over the board.} 38. Bxh3 (38. Rb2 Qxg3+ 39. Rf2 Re8+ 40. Be2 Nf4 41. Rc2
Qg1+ 42. Rf1 Qxa7 $19) 38... Re8+ 39. Kd2 Re2+ 40. Kd1 Qd3#) 36... Qh1+ 37. Ke2
Qg2+ 38. Ke1 Re8+ 39. Kd1 Nf2+ 40. Kc2 Ne4+ {An unfortunate loss for Veselin
and a good start for Giri, who must not have expected to win this game after
the position he had after 20 moves.} (40... Ne4+ 41. Kd3 Qd2+ 42. Kc4 Rc8+ 43.
Qc5 Rxc5#) 0-1

[Event "Reykjavik op"]
[Site "Reykjavik"]
[Date "2015.03.14"]
[Round "6"]
[White "Mamedyarov, Shakhriyar"]
[Black "Navara, David"]
[Result "1/2-1/2"]
[WhiteElo "2756"]
[BlackElo "2736"]
[Annotator "Sagar Shah"]
[PlyCount "63"]
[EventDate "2015.03.10"]
[EventType "swiss"]
[EventRounds "10"]
[EventCountry "ISL"]
[SourceTitle "CBM 166"]
[Source "ChessBase"]
[SourceDate "2015.05.11"]
[SourceVersion "1"]
[SourceVersionDate "2015.05.11"]
[SourceQuality "1"]

1. d4 Nf6 2. c4 g6 3. g3 c6 {The fianchetto variation against the Grünfeld has
started to gain an excellent reputation. White is scoring pretty well against
Black's attempts of playing a direct d5. Hence, the lines with c6 followed by
d5 are becoming increasingly popular.} 4. Bg2 d5 5. e3 {When Kramnik played
this move against Gelfand in London Candidates 2013, Krasenkow who annotated
the game for ChessBase Magazine wrote, "No theory, Just play!" This is not the
case anymore. Games are being played in this system quite often and White is
scoring pretty well.} dxc4 {This should be real test of White's idea. Black
grabs the pawn and asks White, "How exactly are you planning to regain the
pawn?"} (5... Bg7 6. Ne2 O-O 7. O-O {is the other important position of the
opening. Black players have played literally every logical move here starting
from b6, e6, dxc4, Nbd7 and many more.}) 6. Nd2 ({The game Kramnik-Gelfand
continued} 6. Ne2 Bg7 7. O-O O-O 8. Na3 Nbd7 9. Nxc4 Nb6 10. Na5 (10. b3 {
was seen in Ding Liren vs Ganguly in Qatar Masters 2014.} c5 $6 11. Ba3 cxd4
12. Nxd4 Nxc4 13. bxc4 $14 {White had a clear edge with two strong bishops on
the long diagonals.}) 10... Qc7 11. b4 e5 $11 {when Black had equalised.}) 6...
Be6 $146 {Not surrendering the pawn so easily. This is already a novelty but
surely one of the most logical moves in the position.} 7. Ne2 {The knight
threatens to go to f4.} (7. Qc2 {trying to recover the pawn is met with} Na6 $1
8. Nxc4 Bd5 9. Nf3 Nb4 10. Qb3 e5 $5 {Look at how the bishop on d5 pins both
the white knights!} 11. a3 (11. dxe5 $2 b5 $19) 11... b5 12. axb4 Bxc4 $13 {
with an unclear position where Black's chances do not look even one bit worse.}
) 7... Bh6 {Preventing Nf4.} 8. Qc2 b5 {White is going to have to work hard to
get back his pawn.} 9. O-O (9. a4 $5 {should have been considered by
Mamedyarov.} Nbd7 10. Bxc6 (10. axb5 cxb5 11. Bxa8 $2 {taking the exchange
would be completely wrong as the light squares would be horribly weakened.}
Qxa8 $17 {The drawbacks of playing e3 and g3 are apparent here.}) 10... b4 $5
11. Bg2 (11. Nxc4 Rc8 $36) 11... Rc8 $13 {with a complex position.}) 9... O-O
10. b3 $1 {Of course this idea is quite common and gives White excellent
compensation down the a- and c-files. This same idea was used in the very high
profile game between Kramnik and Giri from the Qatar Masters 2014. That
occurred from a Slav Defence though.} cxb3 11. axb3 a5 {The c6-pawn is weak
down the c-file, Black tries to not be saddled with another one on the a-file.}
12. e4 {Somehow this does not feel right. I think it would have been more in
the spirit of the position if White went about clamping down the c5-square.
But it is not so easy to achieve. For example} (12. Ne4 Nxe4 13. Bxe4 Qb6 14.
Bb2 Rc8 15. Rfc1 Nd7 $15 {Black has excellent development and is a pawn up.}) (
12. Nc3 {trying to reach the e4-square with a knight is sort of refuted by} Na6
$1 13. Nce4 Nb4 14. Nxf6+ exf6 15. Qc3 Bd5 $17 {Black's just a pawn up.}) (12.
Bb2 {continuing calmly looks like the best in the current position.} Qb6 (12...
Na6 13. Qxc6 $14) 13. Nc1 $5 $44 {The knight plans to go to the excellent
square on d3 and White keeps good compensation in this case.}) 12... Na6 {
Giving back the pawn to complete his development. A very practical decision.} (
12... Qb6 {trying to keep his extra pawn came into consideration. And the
discovered attacks do not really work here.} 13. Nc4 $2 bxc4 14. Bxh6 cxb3 $17)
13. Qxc6 Bd7 14. Qc2 (14. Qb7 {It would have been better to keep the queen in
the thick of things. This causes some co-ordination issues for Black and the
threat of e4-e5 is not so easy to parry. Yet Black is fine after} Nb4 $1 15. e5
Nfd5 16. Bxd5 Rb8 $1 17. Qa7 Nxd5 18. Qxa5 Qxa5 19. Rxa5 $11 {with a balanced
game.}) 14... Nb4 {Slowly and steadily, black pieces start occupying active
squares.} 15. Qb1 Rc8 {A glance at the position reveals that Black is much
better co-ordinated. Even though White has a wonderful centre, his knights on
d2 and e2 do not paint a good picture.} 16. Nf3 Bxc1 17. Rxc1 Rxc1+ 18. Nxc1 (
18. Qxc1 Nxe4 $17) 18... Qc7 19. Ne1 Rc8 {Black has controlled the c-file and
the next plan is definitely to use his queenside pawn majority.} 20. Ncd3 $6 {
The position of the knight on b4 was the only thing that was preventing Black
from going a5-a4. This voluntary exchange of knights makes Black's task of
creating a queenside passer much easier.} Qc3 21. d5 (21. Nxb4 Qxb4 22. Qd1 $15
{was the lesser evil but there is not doubt that White stands worse.}) 21...
Nxd3 22. Nxd3 Qd4 {Making way for the rook to come into c3 and at the same
time eyeing the e4-pawn and the f2-square.} (22... a4 {was a simple and strong
move which could be made without any real calculations.} 23. bxa4 bxa4 $17 {
[%csl Ga4]}) 23. Ne1 (23. Rxa5 $6 Nxe4 $17) 23... Ng4 24. Ra2 Ne3 $6 {Navara
gets carried away and in a very promising position goes for a flashy
continuation that throws away all his advantage.} (24... a4 $1 $17 {was a much
more logical way to continue. With this move Black gets an outside passed pawn
and the pressure against his kingside remains. With activity on both the wings,
White's defensive task is anything but easy.}) 25. Qd3 $1 {Maybe this is what
Navara missed.} (25. fxe3 {Of course Mamedyarov was not going to take this
knight.} Qxe3+ 26. Kf1 Rc1 $19) 25... Qxd3 (25... Rc1 26. Qxe3 (26. Qxd4 Rxe1+
27. Bf1 Rxf1# $19) 26... Qxe3 27. fxe3 Rxe1+ 28. Kf2 $14 {and the a5-pawn
falls.}) 26. Nxd3 Nxg2 27. Kxg2 {White suddenly has excellent co-ordination
and his pieces are perfectly placed. All this happened just because of the
reckless 24...Ne3.} a4 (27... Rc3 28. Ne5 $14) 28. Ne5 Be8 29. bxa4 bxa4 30.
Nc6 {Defuses the position completely.} Bxc6 31. dxc6 Rxc6 32. Rxa4 {A very
close escape for Mamedyarov. White's opening idea of Nd2 followed by Qc2 and
b3 is interesting and worthy of closer investigation but White cannot really
hope for a serious edge as Navara's accurate play revealed.} 1/2-1/2

[Event "Rubinstein Memorial 37th"]
[Site "Polanica Zdroj"]
[Date "2000.08.17"]
[Round "1"]
[White "Markowski, Tomasz"]
[Black "Van Wely, Loek"]
[Result "1/2-1/2"]
[WhiteElo "2568"]
[BlackElo "2643"]
[Annotator "Van Wely/Cifuentes"]
[PlyCount "127"]
[EventDate "2000.08.17"]
[EventType "tourn"]
[EventRounds "9"]
[EventCountry "POL"]
[EventCategory "17"]
[SourceTitle "CBM 079"]
[Source "ChessBase"]
[SourceDate "2000.11.21"]
[SourceVersion "1"]
[SourceVersionDate "2000.11.21"]
[SourceQuality "1"]

1. g3 d5 2. Nf3 g6 3. c4 c6 4. Qa4 e6 (4... d4) (4... dxc4 5. Qxc4 Bg7 6. Bg2
Nf6 7. O-O O-O 8. Nc3) 5. Bg2 Bg7 6. O-O Nf6 7. d4 (7. cxd5 exd5 8. d3 O-O 9.
Nc3 Bg4 10. Nd4 Qc8 11. Nb3 Re8 12. Be3 Bh3 13. Rac1 Qf5 14. Qf4 Qxf4 15. Bxf4
Bxg2 16. Kxg2 $11 {0-1 Markowski,T-Horvath,C/Zt 1998 (50)}) 7... O-O 8. Nc3
Nbd7 9. cxd5 exd5 10. Bf4 Re8 11. Qb3 Nb6 12. a4 a5 13. Rfd1 h6 14. Rac1 Nc4
15. Ne5 g5 $1 16. Be3 Nxe3 (16... Nxe5 $5 17. dxe5 Rxe5 18. Bd4 Re8 19. e4 dxe4
20. Nxe4 Qe7) 17. fxe3 Qd6 18. Rf1 Rxe5 $5 19. dxe5 Qxe5 20. Qb6 Qe7 21. e4 Nd7
$1 (21... dxe4 22. Rcd1) 22. Qb3 d4 23. Nb1 Ne5 $17 24. Nd2 Be6 25. Qa3 Qxa3 (
25... Qc7) (25... Qd8) 26. bxa3 Bf8 $6 (26... g4 $142 $1 27. Rb1 Ra7 28. Nb3
Nc4 29. Nc5 Nd2 30. Rxb7 Rxb7 31. Nxb7 Nxf1 32. Kxf1 Be5 33. Nxa5 c5 34. Nc6 f6
35. a5 Bc4 36. Nxe5 fxe5 37. h3 h5 38. hxg4 hxg4 $19) 27. Rb1 (27. Nf3 Nxf3+
28. Rxf3 c5) 27... Ra7 28. Nf3 Nc4 (28... Nxf3+ 29. Rxf3 c5) 29. Nxd4 $8 Nd2
30. Nxe6 fxe6 31. Bh3 Bxa3 32. Bxe6+ Kh8 33. Kg2 (33. e5 Bc5+ 34. Kg2 b6 (34...
Nxf1 35. Kxf1 Bd4 36. Bc8 b6 37. e6) 35. Rbd1 Nxf1 36. Kxf1 Re7 $15) 33... Nxf1
34. Kxf1 Bb4 35. Rd1 b5 36. Rd8+ Kg7 37. Rd7+ (37. axb5 cxb5 38. Rd7+ Rxd7 39.
Bxd7 a4 40. Bxb5 a3 41. Bc4 Bd6 $15) 37... Rxd7 38. Bxd7 bxa4 39. Bxc6 a3 40.
Bd5 Bd6 41. Ke1 g4 42. e5 Bxe5 43. Kd2 Kf6 44. Kc2 h5 $2 (44... Bd4 $1 45. Kb3
Bg1 46. h3 $8 (46. Kxa3 Bxh2 47. Ka4 Bxg3 48. Kxa5 Ke5 49. Bc6 h5 50. Kb4 Kd4
$19) 46... gxh3 47. Kxa3 Ke5 $1 (47... Kg5 $143 48. Bf3 Bf2 49. Ka4 Bxg3 50.
Kxa5 Kf4 51. Kb4 Ke3 52. Kc4 Kf2 53. Kd5 h2 54. Ke4 Kg1 55. Kf5 h5 (55... h1=Q
56. Bxh1 Kxh1 57. Kg6 Bf4 58. e4 $11) 56. Kg5 (56. e4 $2 h1=Q 57. Bxh1 Kxh1 58.
Kg5 h4 59. e5 h3 60. e6 Bd6 $19) 56... h4 57. Kg4 h1=Q 58. Bxh1 Kxh1 59. Kh3 $1
$11) 48. Bf3 Bb6 49. Ka4 Kd4 50. Kb5 Bc7 51. g4 Ke3 52. Kc4 h2 $19) 45. Kb3 $11
Bd6 (45... Bd4 46. Bg2 Bg1 47. h3 $11) 46. Bc6 Kg5 47. Ka2 h4 (47... Bc5 48.
Bd7 $1 {/\h3} Bg1 49. h3 Bf2 50. hxg4 hxg4 51. Kxa3 Bxg3 52. Ka4 Bc7 53. e3 $11
) 48. gxh4+ Kxh4 49. Kb3 Kh3 50. Bd7 Bxh2 51. Kxa3 Bc7 52. Ka4 Kg3 53. Bc8 Kf4
54. Bd7 g3 55. Bc6 Ke3 56. Bf3 Kf2 57. Kb5 Bd8 58. Ka4 g2 59. Bxg2 Kxg2 60. e4
Kf3 61. e5 Ke4 62. e6 Kd5 63. e7 Bxe7 64. Kxa5 1/2-1/2